Biblioteca de los pequeños lectores : (Record no. 213936)
[ view plain ]
| 000 -CABECERA | |
|---|---|
| campo de control de longitud fija | 01312nam a22002297a 4500 |
| 005 - FECHA Y HORA DE LA ÚLTIMA TRANSACCIÓN | |
| campo de control | 20251014114842.0 |
| 008 - DATOS DE LONGITUD FIJA--INFORMACIÓN GENERAL | |
| campo de control de longitud fija | 250901s2005 ag a|||br|||| 000 0 spa d |
| 020 ## - NÚMERO INTERNACIONAL NORMALIZADO PARA LIBROS | |
| Número Internacional Normalizado del libro | 9879418557 |
| 040 ## - FUENTE DE CATALOGACIÓN | |
| Agencia de catalogación original | MX-MxUPN |
| 041 0# - | |
| -- | spa |
| 050 14 - | |
| -- | PN6071.C5 B53 2005a |
| 100 1# - | |
| -- | Cinetto de González, Liliana Cristina, |
| -- | 1967- |
| -- | 32491 |
| 245 1# - MENCIÓN DE TÍTULO | |
| Título | Biblioteca de los pequeños lectores : |
| Parte restante del título | cuentos con humor |
| 260 ## - PUBLICACION, DISTRIBUCION, ETC. (PIE DE IMPRENTA) | |
| Lugar de publicación, distribución, etc. | Buenos Aires : |
| Nombre del editor, distribuidor, etc. | Círculo Latino Austral, |
| Fecha de publicación, distribución, etc. | 2005 |
| 300 ## - DESCRIPCIÓN FÍSICA | |
| Extensión | 88 páginas : |
| Otros detalles físicos | ilustraciones a color |
| 490 0# - | |
| -- | Biblioteca de los pequeños lectores |
| 500 ## - NOTA GENERAL | |
| Nota general | Donación Cerezo Rojas Karen Fabiola |
| 505 ## - | |
| -- | |
| -- | El rey Cuniberto/ |
| -- | Liliana Cinetto.-- |
| -- | El duende Colorín/ |
| -- | Liliana Cinetto.-- |
| -- | El huracán/ |
| -- | versión libre del cuento porpular argentino |
| -- | .-- |
| -- | El canguro colaverde/ |
| -- | Liliana Cinetto.-- |
| -- | El avestruz cuellorrojo/ |
| -- | Liliana Cinetto.-- |
| -- | Las señoritas del traje negro/ |
| -- | verrión libre del cuento popular español.-- |
| -- | El conejo y el coyote/ |
| -- | versión libre del cuento popular de Nicaragua.-- |
| -- | El chivo y la hormiga/ |
| -- | versión libre del cuento popular iberoamericano.-- |
| -- | Los monos y la luna/ |
| -- | versión libre del cuento popular chino. |
| 650 #4 - | |
| -- | Cuentos infantiles |
| -- | Colecciones |
| -- | 58165 |
| 902 ## - ELEMENTOS DE DATOS B LOCAL, LDB (RLIN) | |
| Creó | MarisolLicea/01092025 |
| Modificó | Berenice Martínez/141025 |
| 942 ## - ELEMENTOS DE PUNTO DE ACCESO ADICIONAL (KOHA) | |
| Fuente del sistema de clasificación o colocación | Library of Congress Classification |
| Tipo de ítem Koha | Libro |
| Estado de retiro | Estado de pérdida | Fuente del sistema de clasificación o colocación | Estado dañado | No para préstamo | Código de colección | Localización permanente | Ubicación/localización actual | Ubicación en estantería | Fecha de adquisición | Total de préstamos | Signatura topográfica completa | Código de barras | Fecha visto por última vez | Tipo de ítem Koha |
|---|---|---|---|---|---|---|---|---|---|---|---|---|---|---|
| Library of Congress Classification | Infantil | Bib. Gregorio Torres Quintero | Bib. Gregorio Torres Quintero | Sala infantil Planta baja | 01/09/2025 | PN6071.C5 B53 2005a | 340706 | 01/09/2025 | Libro |
